Elementary algebra/ (Record no. 9602)

MARC details
000 -LEADER
fixed length control field 00583nam a22002177a 4500
003 - CONTROL NUMBER IDENTIFIER
control field OSt
005 - DATE AND TIME OF LATEST TRANSACTION
control field 20260421081153.0
008 - FIXED-LENGTH DATA ELEMENTS--GENERAL INFORMATION
fixed length control field 260421b |||||||| |||| 00| 0 eng d
020 ## - INTERNATIONAL STANDARD BOOK NUMBER
International Standard Book Number 0-07-138325-5
040 ## - CATALOGING SOURCE
Original cataloging agency DWC-Main lib.
Transcribing agency OC
082 ## - DEWEY DECIMAL CLASSIFICATION NUMBER
Classification number Circ. 512 R37e 2003
100 ## - MAIN ENTRY--PERSONAL NAME
Personal name Schmidt, Philip
245 ## - TITLE STATEMENT
Title Elementary algebra/
Statement of responsibility, etc. Philip Schmidt
260 ## - PUBLICATION, DISTRIBUTION, ETC.
Place of publication, distribution, etc. U.S.A.,
Date of publication, distribution, etc. c2003.
300 ## - PHYSICAL DESCRIPTION
Extent v 138 p. ;
Dimensions 21 cm.
490 ## - SERIES STATEMENT
Series statement Schraums outline series
504 ## - BIBLIOGRAPHY, ETC. NOTE
Bibliography, etc. note Include index.
700 ## - ADDED ENTRY--PERSONAL NAME
Personal name Bradford, Brenda
700 ## - ADDED ENTRY--PERSONAL NAME
Personal name Barnett, Rich
942 ## - ADDED ENTRY ELEMENTS (KOHA)
Source of classification or shelving scheme Dewey Decimal Classification
Koha item type Book Circulation
Classification part Circ.
Suppress in OPAC No
952 ## - LOCATION AND ITEM INFORMATION (KOHA)
--
Holdings
Withdrawn status Lost status Source of classification or shelving scheme Damaged status Not for loan Home library Current library Shelving location Date acquired Total Checkouts Full call number Barcode Date last seen Copy number Price effective from Koha item type Uniform Resource Identifier
    Dewey Decimal Classification     College Library College Library Circulation 07/29/2003   Circ. 512 R37e 2003 CL38412 04/21/2026 c1 04/21/2026 BK-CIRC